| 000 -LEADER |
| fixed length control field |
00578cam a22001337a 4500 |
| 008 - FIXED-LENGTH DATA ELEMENTS--GENERAL INFORMATION |
| fixed length control field |
180718b2013 xxu||||| |||| 00| 0 eng d |
| 082 ## - DEWEY DECIMAL CLASSIFICATION NUMBER |
| Classification number |
L69 M896 |
| 100 ## - MAIN ENTRY--PERSONAL NAME |
| Personal name |
Mukherjee, Sacchidananda and Chakraborty, Debashis |
| 245 ## - TITLE STATEMENT |
| Title |
Negative influence of fiscal subsidies on environment : empirical evidence from cross-country estimation |
| Statement of responsibility, etc. |
By. Sacchidananda Mukherjee and Debashis Chakraborty |
| 260 ## - PUBLICATION, DISTRIBUTION, ETC. |
| Place of publication, distribution, etc. |
New Delhi |
| Name of publisher, distributor, etc. |
National Institute of Public Finance and Policy |
| Date of publication, distribution, etc. |
2013 |
| 300 ## - PHYSICAL DESCRIPTION |
| Extent |
38p. |
| 650 ## - SUBJECT ADDED ENTRY--TOPICAL TERM |
| Topical term or geographic name entry element |
Subsidies -- Economic aspects : |
| 650 ## - SUBJECT ADDED ENTRY--TOPICAL TERM |
| Topical term or geographic name entry element |
Subsidies -- Environmental aspects |